| 000 | 00956cam a22002774a 4500 | ||
|---|---|---|---|
| 001 | 14264132 | ||
| 005 | 20130214143954.0 | ||
| 008 | 060213s2006 vaua b 001 0 eng | ||
| 020 | _a1563478293 (alk. paper) | ||
| 020 | _a9781563478291 (alk. paper) | ||
| 020 | _a1563478307 (book/CD set) | ||
| 020 | _a9781563478307 (book/CD set) | ||
| 035 | _a(OCoLC)ocm64084334 | ||
| 035 | _a(OCoLC)64084334 | ||
| 082 | 0 | 0 |
_a629.1341 _222 _bRAY |
| 100 | 1 |
_aRaymer, Daniel P. _929177 |
|
| 245 | 1 | 0 |
_aAircraft Design : _ba Conceptual Approach / _cDaniel P. Raymer. |
| 250 | _a4th ed. | ||
| 260 |
_aReston, Va. : _bAmerican Institute of Aeronautics and Astronautics, _cc2006. |
||
| 300 |
_axix, 838 p. : _bill. ; _c24 cm. |
||
| 440 | 0 |
_aAIAA education series _929178 |
|
| 504 | _aIncludes bibliographical references (p. 817-823) and index. | ||
| 650 | 0 |
_aAirplanes _xDesign and construction. _929179 |
|
| 653 |
_bMec _cMarch2012 _cFebruary2013 |
||
| 942 |
_2ddc _cBB |
||
| 999 |
_c16536 _d16536 |
||